| 000 | 00669nam a22001815i 4500 | ||
|---|---|---|---|
| 001 | 167099 | ||
| 003 | ES-MaACL | ||
| 005 | 20231229063054.0 | ||
| 008 | 960320s1863 sp |||| | spa d | ||
| 040 |
_aCARM _bspa _cCCPB | SIC |
||
| 100 | 1 |
_aVega, Ventura de la, _d1807-1865 _9113584 |
|
| 245 | 1 | 3 |
_aLa muerte de César _b: tragedia / _cpor Ventura de la Vega. |
| 250 | _a2ª ed. | ||
| 260 |
_aMadrid : _bAdministración Lirico-Dramática, _c1863 ( _fImprenta de José Rodríguez) |
||
| 300 |
_aXX, 120 p. ; _c23 cm. |
||
| 852 |
_aES-MaACL _jT-1412-F-12 _z-- Enc. hol. conservando la cub. original _z-- Enc. en un vol. facticio |
||
| 999 |
_c167099 _d167099 |
||